000 00680nam a2200265Ia 4500
005 20260121172530.0
008 008 260114s9999 xx 000 0 eng d
020 _a9783030763848
037 _aEBOOK
040 _aCRL
040 _beng
040 _cCRL
041 _2eng
041 _aeng
084 _qCRL
100 _aAaron Dutle, Mariano M. Moscato, Laura Titolo, César A. Muñoz, Ivan Perez
_91089580
245 0 _aNASA Formal Methods
260 _bSpringer
260 _bSpringer
260 _c2021
856 _uhttps://link.springer.com/openurl?genre=book&isbn=978-3-030-76384-8
942 _cEBOOK
999 _c1655319
_d1655319